00397nam a2200193Ia 4500003000900000008004100009040001300050040001300063041000800076100002000084245002100104250001100125260000800136260000900144300001100153300001000164490002300174490000600197IT-RoPAU120407s9999 xx 000 0 und d aIT-RoPAU cIT-RoPAU aita aGinestra Amaldi aGalileo Galilei. aTorino aERI c1964 a126 p. c18 cm aClasse unica, 157 v1